|
|
|
|
| LEADER |
00000nam0a2200000 4500 |
| 001 |
237700 |
| 005 |
20231101231545.0 |
| 035 |
|
|
|a (RuTPU)RU\TPU\book\258875
|
| 090 |
|
|
|a 237700
|
| 100 |
|
|
|a 20130517d1977 k y0rusy50 ca
|
| 101 |
0 |
|
|a rus
|
| 102 |
|
|
|a RU
|
| 105 |
|
|
|a y z 001zy
|
| 200 |
1 |
|
|a Философия и современная космология
|f А. Турсунов
|
| 210 |
|
|
|a Москва
|c Политиздат
|d 1977
|
| 215 |
|
|
|a 192 с.
|
| 320 |
|
|
|a Библиогр. в примеч.
|
| 606 |
1 |
|
|a Космология
|x Философские проблемы
|2 stltpush
|3 (RuTPU)RU\TPU\subj\15888
|9 42091
|
| 610 |
1 |
|
|a философские науки
|
| 610 |
1 |
|
|a история
|
| 610 |
1 |
|
|a современность
|
| 610 |
1 |
|
|a экстраполяция
|
| 610 |
1 |
|
|a космологическое моделирование
|
| 610 |
1 |
|
|a космологическая теория
|
| 610 |
1 |
|
|a построение
|
| 610 |
1 |
|
|a интерпретация
|
| 610 |
1 |
|
|a бесконечное
|
| 610 |
1 |
|
|a конечное
|
| 610 |
1 |
|
|a Вселенная
|
| 675 |
|
|
|a 524.8:1
|v 3
|
| 700 |
|
1 |
|a Турсунов
|b А.
|g Акбар
|
| 801 |
|
1 |
|a RU
|b 63413507
|c 20130517
|
| 801 |
|
2 |
|a RU
|b 63413507
|c 20210121
|g RCR
|
| 942 |
|
|
|c BK
|